[Event "A tournament for new players to the site"]
[Site "SchemingMind.com"]
[Date "2004.12.24"]
[Round "-"]
[White "Scarian"]
[Black "CWM"]
[Result "1-0"]
[WhiteCountry "GBR"]
[BlackCountry "CAN"]
[WhiteElo "1967"]
[WhiteRD "129"]
[BlackElo "1818"]
[BlackRD "96"]
[GameID "6513"]

1. e4 c5 2. Nf3 d6 3. d3 Nc6 4. Nc3 e6 5. d4 cxd4 6. Nxd4 Nf6 7. Bb5 Bd7 8. Be2 Be7 9. Ndb5 Bc8 10. Bf4 e5
11. Bg5 a6 12. Bxf6 gxf6 13. Na3 Be6 14. Bc4 b5 15. Bxe6 fxe6 16. Qh5+
1-0

[Event "A tournament for new players to the site"]
[Site "SchemingMind.com"]
[Date "2004.12.24"]
[Round "-"]
[White "lame wolf"]
[Black "CWM"]
[Result "0-1"]
[WhiteCountry "INT"]
[BlackCountry "CAN"]
[WhiteElo "1108"]
[WhiteRD "152"]
[BlackElo "1675"]
[BlackRD "154"]
[GameID "6514"]

1. d4 Nf6 2. c4 c5 3. d5 e6 4. Bg5 exd5 5. Nc3 d4 6. Bxf6 Qxf6 7. Na4 d6 8. Nh3 a6 9. Qd3 Be7 10. Nb6 Bf5
11. Qf3 Ra7 12. e4 dxe3 13. Rb1 exf2+ 14. Nxf2 Qe5+ 15. Be2 Bxb1 16. Na8 O-O 17. g3 Rxa8 18. Qxb7 Nd7 19. Qxd7 Qxb2 20. Qa4 Qc3+
21. Kf1 Bg5 22. Qd1 Bg6 23. Qxd6 Be3 24. Nd1 Qc1 25. a4 Bd4 26. Kg2 Be4+ 27. Bf3 Qd2+ 28. Kh3 Bxf3 29. Qf4 Qg2+ 30. Kh4 Bf6+
0-1

[Event "A tournament for new players to the site"]
[Site "SchemingMind.com"]
[Date "2004.12.25"]
[Round "-"]
[White "Tyler"]
[Black "CWM"]
[Result "0-1"]
[WhiteCountry "SUI"]
[BlackCountry "CAN"]
[WhiteElo "1669"]
[WhiteRD "119"]
[BlackElo "1818"]
[BlackRD "96"]
[GameID "6515"]

1. c4 e5 2. Nc3 Bb4 3. d3 Nf6 4. Bd2 O-O 5. g3 c6 6. Bg2 d5 7. cxd5 cxd5 8. Nf3 Nc6 9. O-O Re8 10. a3 Bd6
11. Rc1 h6 12. Qa4 Be6 13. Rc2 Rc8 14. Rfc1 Nd7 15. Nb5 Nb6 16. Qh4 Be7 17. Qh5 Bf6 18. h3 a6 19. Nc3 Qd7 20. Kh2 e4
21. dxe4 d4 22. Nd5 Nxd5 23. exd5 Bxd5 24. Ne1 Re5 25. Qg4 Qxg4 26. hxg4 Bxg2 27. Kxg2 Rxe2 28. Nd3 Rd8 29. Nf4 d3 30. Nxe2 dxc2
31. Rxc2 Nd4 32. Nxd4 Bxd4 33. Bb4 Bf6 34. f4 Rd7 35. Kf2 Kh7 36. Ke2 g6 37. Bc3 Kg7 38. Bxf6+ Kxf6 39. Rc5 Rd6 40. g5+ hxg5
41. Rxg5 Rb6 42. b4 Rb5 43. Rxb5 axb5 44. Kf3 Kf5 45. g4+ Ke6 46. Ke4 f5+ 47. gxf5+ gxf5+ 48. Kd4 Kd6 49. Ke3 Kd5 50. Kd3 b6
51. Ke3 Kc4 52. Ke2 Kb3 53. Kd3 Kxa3 54. Kd4 Kxb4 55. Ke5 Kc4 56. Kxf5 b4 57. Ke6 b3 58. f5 b2 59. f6 b1=Q 60. f7 Qf1
0-1

[Event "A tournament for new players to the site"]
[Site "SchemingMind.com"]
[Date "2004.12.25"]
[Round "-"]
[White "DCS"]
[Black "Gary"]
[Result "0-1"]
[WhiteCountry "NOR"]
[BlackCountry "ENG"]
[WhiteElo "1088"]
[WhiteRD "146"]
[BlackElo "1686"]
[BlackRD "60"]
[GameID "6535"]

1. e4 c5 2. Nf3 d6 3. d4 cxd4 4. Nxd4 Nf6 5. Nc3 a6 6. Bd3 e5 7. Nf3 Be7 8. O-O O-O 9. Be3 Nc6 10. h3 b5
11. a3 Bb7 12. Rb1 Rc8 13. Qd2 Re8 14. Be2 Na5 15. Nh2 Nxe4 16. Nxe4 Bxe4 17. Qb4 d5 18. Qd2 Rxc2 19. Qd1 Rxe2 20. Qxe2 Bxb1
21. Rxb1 d4 22. Bd2 Nc4 23. Be1 d3 24. Qd1 d2 25. Bxd2 Qxd2 26. Qxd2 Nxd2 27. Rd1 Ne4 28. Nf3 Bc5 29. Kf1 Nxf2 30. Rd2 e4
31. Nh2 e3 32. Re2 Ne4 33. Ng4 Ng3+ 34. Ke1 f5 35. Nh2 Nxe2 36. Kxe2 Rd8 37. Nf1 g5 38. g4 f4 39. Nh2 Rd2+ 40. Ke1 Rxh2
41. Kf1 Rxb2 42. Ke1 f3 43. Kd1 e2+ 44. Ke1 f2#
0-1

[Event "A tournament for new players to the site"]
[Site "SchemingMind.com"]
[Date "2004.12.25"]
[Round "-"]
[White "DCS"]
[Black "Rigle"]
[Result "0-1"]
[WhiteCountry "NOR"]
[BlackCountry "USA"]
[WhiteElo "1096"]
[WhiteRD "146"]
[BlackElo "1785"]
[BlackRD "128"]
[GameID "6537"]

1. e4 e5 2. Nf3 Nf6 3. Bc4 Nc6 4. O-O Bc5 5. Nc3 O-O 6. h3 d6 7. Nh2 Nd4 8. Nf3 c6 9. a3 d5 10. Bd3 dxe4
11. Nxe4 Nxe4 12. Bxe4 f5 13. Bd3 e4 14. Be2 exf3 15. Bd3 fxg2 16. Kxg2 Be6 17. b3 Qg5+ 18. Kh2 Bd5 19. f3 Nxf3+ 20. Kh1 Qg3
21. Be2 Qxh3#
0-1

[Event "A tournament for new players to the site"]
[Site "SchemingMind.com"]
[Date "2004.12.25"]
[Round "-"]
[White "DCS"]
[Black "Scarian"]
[Result "0-1"]
[WhiteCountry "NOR"]
[BlackCountry "GBR"]
[WhiteElo "1088"]
[WhiteRD "146"]
[BlackElo "1936"]
[BlackRD "110"]
[GameID "6539"]

1. e4 e5 2. Nf3 d6 3. d4 exd4 4. Nxd4 c6 5. Nc3 Be7 6. Be2 Nf6 7. O-O O-O 8. Nf3 Nbd7 9. Be3 Qc7 10. a3 Re8
11. h3 Nc5 12. Rb1 Ncxe4 13. Nxe4 Nxe4 14. Bd3 Bf6 15. Nd2 d5 16. Nxe4 dxe4 17. Bc4 b5 18. Be2 Be6 19. b3 Rab8 20. Qd2 Rbd8
21. Qb4 a5 22. Qe1 Be7 23. Rc1 Qe5 24. Rb1 Bd6 25. Qd2 Qh2#
0-1

[Event "A tournament for new players to the site"]
[Site "SchemingMind.com"]
[Date "2004.12.25"]
[Round "-"]
[White "DCS"]
[Black "lame wolf"]
[Result "0-1"]
[WhiteCountry "NOR"]
[BlackCountry "INT"]
[WhiteElo "1096"]
[WhiteRD "146"]
[BlackElo "1111"]
[BlackRD "107"]
[GameID "6540"]

1. e4 c5 2. Nf3 e6 3. d4 d5 4. exd5 Qxd5 5. Nc3 Qd8 6. Bb5+ Bd7 7. Bxd7+ Nxd7 8. Bg5 Ngf6 9. dxc5 Bxc5 10. Ne4 O-O
11. Nxc5 Qa5+ 12. Nd2 Qxc5 13. Nb3 Qxg5 14. Nd2 Qxg2 15. Rf1 Qxh2 16. a3 Qe5+ 17. Qe2 Qxb2 18. Rb1 Qxa3 19. Rxb7 Qc1+ 20. Qd1 Qxd1+
21. Kxd1 Rfb8 22. Rc7 Ne5 23. f4 Neg4 24. Rc4 Rb7 25. Rg1 Nf2+ 26. Ke1 Nh3 27. Rg3 Nxf4 28. Rxf4 Rd7 29. Nf3 Nh5 30. Rgg4 Nxf4
31. Rxf4 Rc8 32. Ng5 Rxc2 33. Rf2 Rc1+ 34. Ke2 Rd5 35. Nf3 Rc2+ 36. Ke3 Rxf2 37. Kxf2 g6 38. Ne1 f5 39. Kf1= g5 40. Nf3 g4
41. Ne1 h5 42. Ng2= Kg7 43. Nf4 e5 44. Nxd5 Kg6 45. Ne7+ Kg5 46. Nc6 h4 47. Nxe5 h3 48. Nf7+ Kf4 49. Kg1 Kf3 50. Ng5+ Kf4
51. Ne6+ Kg3 52. Ng5= f4 53. Ne4+ Kf3 54. Nd2+ Ke2 55. Ne4 g3 56. Nc3+ Kf3 57. Nd1 h2+ 58. Kh1 a5 59. Nc3 Kf2 60. Ne4+ Kf3
61. Nd2+ Ke2 62. Nc4 a4 63. Na3 Kf1 64. Nc2 f3 65. Ne3+ Kf2 66. Ng4+ Kf1 67. Ne3+= Ke2 68. Nf5 g2+ 69. Kxh2 f2 70. Ng3+ Ke1
71. Kxg2 a3 72. Nh1 f1=Q+ 73. Kh2 Qa6 74. Ng3 a2 75. Ne4 a1=Q 76. Ng3 Qh6+ 77. Kg2 Qa8+ 78. Kg1 Qg6 79. Kh2 Qc2+ 80. Kh3 Qag2+
81. Kg4 Qce2+ 82. Kh4 Qe5 83. Kg4 Qgxg3#
0-1

[Event "A tournament for new players to the site"]
[Site "SchemingMind.com"]
[Date "2004.12.25"]
[Round "-"]
[White "DCS"]
[Black "Tyler"]
[Result "0-1"]
[WhiteCountry "NOR"]
[BlackCountry "SUI"]
[WhiteElo "1096"]
[WhiteRD "146"]
[BlackElo "1669"]
[BlackRD "119"]
[GameID "6541"]

1. e4 c5 2. Nf3 Nc6 3. d4 cxd4 4. Bd3 e5 5. Nbd2 f6 6. Nb3 Bb4+ 7. Bd2 Nge7 8. Bxb4 Nxb4 9. Bc4 d5 10. exd5 Nexd5
11. Bb5+ Bd7 12. O-O Bxb5 13. a3 Na6 14. Rb1 Bxf1 15. Qxf1 O-O 16. Nbd2 Kh8 17. Ne4 Qc7 18. Qd3 Nf4 19. Qd2 Qc6 20. h3 Qxe4
21. Re1 Qg6 22. g3 Nxh3+ 23. Kg2 Qg4 24. Rh1 Nf4+ 25. Kh2 Qxf3 26. Rg1 Qh5#
0-1

[Event "A tournament for new players to the site"]
[Site "SchemingMind.com"]
[Date "2004.12.25"]
[Round "-"]
[White "DCS"]
[Black "CWM"]
[Result "0-1"]
[WhiteCountry "NOR"]
[BlackCountry "CAN"]
[WhiteElo "1284"]
[WhiteRD "196"]
[BlackElo "1675"]
[BlackRD "154"]
[GameID "6542"]

1. e4 c5 2. Nf3 d6 3. d4 cxd4 4. Nxd4 Nf6 5. Nc3 a6 6. Nf3 Nc6 7. Bc4 e6 8. Be3 Be7 9. O-O O-O 10. Bd3 b5
11. h3 Bb7 12. Rb1 Rc8 13. a3 Qc7 14. Ne2 Ne5 15. Nxe5 dxe5 16. Ng3 Rfd8 17. Qf3 Rd7 18. Rbd1 Rcd8 19. Rd2 Ne8 20. Qg4 Kh8
21. Nh5 Bf8 22. Bg5 f6 23. Be3 Qc6 24. Re1 g6 25. Ng3 f5 26. Qf3 f4 27. Ba7 Ba8 28. Bc5 Bxc5 29. Red1 fxg3 30. Qxg3 Qc7
31. Qh4 Ng7 32. Qh6 Bf8 33. b4 Rf7 34. Qg5 Qe7 35. Qxe7 Bxe7 36. Re2 Bc6 37. Red2 Rdf8 38. f3 Nh5 39. Rf2 Bh4 40. Rff1 Ng3
41. Rfe1 h5 42. c3 Kg7 43. c4 Rd7 44. cxb5 axb5 45. Re3 Rfd8 46. Rd2 Bg5 47. Kf2 Bxe3+ 48. Kxe3 Nf1+ 49. Bxf1 Rxd2 50. h4 Ra2
51. g3 Rxa3+ 52. Kf2 Rd2+ 53. Be2 Raa2 54. Kf1 Rxe2 55. Kg1 Ra1#
0-1

[Event "A tournament for new players to the site"]
[Site "SchemingMind.com"]
[Date "2004.12.26"]
[Round "-"]
[White "Gary"]
[Black "DCS"]
[Result "1-0"]
[WhiteCountry "ENG"]
[BlackCountry "NOR"]
[WhiteElo "1658"]
[WhiteRD "63"]
[BlackElo "1003"]
[BlackRD "131"]
[GameID "6543"]

1. e4 e5 2. Nf3 Nc6 3. Bb5 d6 4. O-O Bd7 5. c3 a6 6. Ba4 Nf6 7. Re1 b5 8. Bc2 Be7 9. d4 O-O 10. Bg5 h6
11. Bh4 Rb8 12. a3 exd4 13. cxd4 Qc8 14. Nc3 Ra8 15. b4 Qd8 16. Bg3 Nh5 17. d5 Na7 18. Rc1 Nxg3 19. fxg3 Nc8 20. Qe2 Nb6
21. Nd2 Rb8 22. Rf1 Bf6 23. Bd3 Qc8 24. h3 Bd4+ 25. Kh1 Be5 26. Rf3 Nc4 27. Nxc4 bxc4 28. Bxc4 Re8 29. Qf2 Rb6 30. Rxf7 Rb8
31. Ne2 Qd8 32. Rf1 Qc8 33. Ng1 Ra8 34. Be2 a5 35. b5 a4 36. Rf3
1-0

[Event "A tournament for new players to the site"]
[Site "SchemingMind.com"]
[Date "2004.12.27"]
[Round "-"]
[White "Rigle"]
[Black "DCS"]
[Result "1-0"]
[WhiteCountry "USA"]
[BlackCountry "NOR"]
[WhiteElo "1747"]
[WhiteRD "121"]
[BlackElo "1088"]
[BlackRD "146"]
[GameID "6545"]

1. d4 d5 2. Nf3 Nc6 3. e3 e6 4. Be2 Bd6 5. O-O Nf6 6. Nc3 O-O 7. a3 Bd7 8. Qd3 h6 9. e4 a6 10. e5 Be7
11. exf6 Bxf6 12. Bf4 Rb8 13. Rfe1 Ne7 14. Ne5 Nc6 15. Rad1 Nxe5 16. dxe5 Be7 17. Ne4 dxe4 18. Qxe4 Qe8 19. Bc4 Bc6 20. Qd4 Qc8
21. Be3 Qe8 22. Qg4 g6 23. Bxh6 b5 24. Bxf8 Bxf8 25. Bd3 Bg7 26. b4 Qd7 27. Bxg6 fxg6 28. Rxd7 Bxd7 29. Rd1 Be8 30. Qxe6+ Kh7
31. Rd3 g5 32. Rh3+ Bh6 33. Rxh6+ Kg7 34. Qf6+ Kg8 35. Rh8#
1-0

[Event "A tournament for new players to the site"]
[Site "SchemingMind.com"]
[Date "2004.12.25"]
[Round "-"]
[White "Scarian"]
[Black "DCS"]
[Result "1-0"]
[WhiteCountry "GBR"]
[BlackCountry "NOR"]
[WhiteElo "1967"]
[WhiteRD "129"]
[BlackElo "1096"]
[BlackRD "146"]
[GameID "6547"]

1. d4 d5 2. c4 Nf6 3. cxd5 Nxd5 4. e4 Nf6 5. Bd3 e6 6. Nf3 Nc6 7. O-O Be7 8. Nc3 O-O 9. Bb5 h6 10. Bxc6 Qd6
11. Ba4 c6 12. e5 Qd7 13. exf6 Bxf6 14. Bc2 Qd6 15. Ne4 Qe7 16. Qd3 Bd7 17. Nxf6+ Qxf6 18. Qh7#
1-0

[Event "A tournament for new players to the site"]
[Site "SchemingMind.com"]
[Date "2004.12.25"]
[Round "-"]
[White "lame wolf"]
[Black "DCS"]
[Result "0-1"]
[WhiteCountry "INT"]
[BlackCountry "NOR"]
[WhiteElo "1108"]
[WhiteRD "152"]
[BlackElo "1284"]
[BlackRD "196"]
[GameID "6548"]

1. d4 d5 2. c4 Nf6 3. c5 Nc6 4. Nc3 e6 5. Nf3 Be7 6. Qd3 O-O 7. e4 Bd7 8. e5 Ne8 9. Qc2 Nb4 10. Qb1 Nc6
11. Bd3 g6 12. O-O Nb4 13. Bg5 Bxg5 14. a3 Nxd3 15. b4 Bh6 16. Qxd3 Ng7 17. b5 Rb8 18. a4 a5 19. c6 b6 20. cxd7 Qxd7
21. Rac1 Nf5 22. Ne2 Rbc8 23. Rc2 Qe7 24. Rfc1 Rfe8 25. Rc3 Bxc1 26. Rxc1 Nh6 27. Qe3 Ng4 28. Qg5 Qxg5 29. Nxg5 h6 30. Nf4 hxg5
31. h3 gxf4 32. hxg4 f5 33. gxf5 gxf5 34. g3 fxg3 35. fxg3 Re7 36. Rc2 Rf8 37. Kf2 Rh7 38. Kf3 Rff7
0-1

[Event "A tournament for new players to the site"]
[Site "SchemingMind.com"]
[Date "2004.12.25"]
[Round "-"]
[White "Tyler"]
[Black "DCS"]
[Result "1-0"]
[WhiteCountry "SUI"]
[BlackCountry "NOR"]
[WhiteElo "1669"]
[WhiteRD "119"]
[BlackElo "1096"]
[BlackRD "146"]
[GameID "6549"]

1. c4 e5 2. Nc3 Nf6 3. g3 d6 4. Bg2 d5 5. cxd5 Bd6 6. e4 Bd7 7. Nge2 O-O 8. d3 h6 9. O-O Qe7 10. h3 Na6
11. Be3 Rab8 12. f4 Nb4 13. a3 Na6 14. fxe5 Bxe5 15. Bf4 Bxf4 16. Nxf4 Nc5 17. b4 Na6 18. Rc1 Qd8 19. e5 Nh7 20. Qh5 Ng5
21. h4 Nh7 22. Be4 g6 23. Nxg6 fxg6 24. Qxg6+ Kh8 25. Qxh7#
1-0

[Event "A tournament for new players to the site"]
[Site "SchemingMind.com"]
[Date "2004.12.25"]
[Round "-"]
[White "CWM"]
[Black "DCS"]
[Result "1-0"]
[WhiteCountry "CAN"]
[BlackCountry "NOR"]
[WhiteElo "1675"]
[WhiteRD "154"]
[BlackElo "1284"]
[BlackRD "196"]
[GameID "6550"]

1. e4 e5 2. Nf3 Nc6 3. Bb5 d6 4. d4 Bd7 5. Nc3 Nf6 6. O-O Be7 7. a4 O-O 8. Re1 a6 9. Be2 h6 10. h3 exd4
11. Nxd4 Nxd4 12. Qxd4 Rb8 13. Be3 b6 14. Bxa6 Ra8 15. Bf1 c5 16. Qd3 Nh7 17. Nd5 Bg5 18. f4 Bh4 19. Bf2 Bxf2+ 20. Kxf2 Qh4+
21. g3 Qd8 22. b3 Rb8 23. Qf3 Bc6 24. Bc4 Nf6 25. Rad1 Nxd5 26. Bxd5 Bxd5 27. Rxd5 Qd7 28. g4 Qc6 29. Red1 Rbc8 30. Rxd6 Qc7
31. c4 Rfe8 32. e5 Rcd8 33. Qd3 Qc8 34. Rxd8 Rxd8 35. Qxd8+ Qxd8 36. Rxd8+ Kh7 37. Kf3 g6= 38. Rd6 Kg7= 39. Rxb6 Kh7= 40. a5 Kg7
41. a6 Kh7 42. a7 Kg7 43. a8=Q Kh7 44. Qf8 h5 45. Qxf7+ Kh6 46. g5#
1-0

[Event "A tournament for new players to the site"]
[Site "SchemingMind.com"]
[Date "2004.12.25"]
[Round "-"]
[White "Windsor Mike"]
[Black "Gary"]
[Result "0-1"]
[WhiteCountry "CAN"]
[BlackCountry "ENG"]
[WhiteElo "1368"]
[WhiteRD "115"]
[BlackElo "1692"]
[BlackRD "56"]
[GameID "6553"]

1. e4 c5 2. Nf3 d6 3. d4 cxd4 4. Qxd4 Nc6 5. Bb5 Bd7 6. Qc3 Nf6 7. Nbd2 Rc8 8. e5 Nxe5 9. Nxe5 Rxc3 10. Nxd7 Nxd7
11. bxc3 g6 12. O-O Bg7 13. Bb2 O-O 14. Ne4 Nb6 15. Rfe1 Qc7 16. a4 e6 17. Ba3 Be5 18. g3 a6 19. f4 axb5 20. Bxd6 Bxd6
21. a5 Nd5 22. Reb1 Nxc3 23. Re1 Nxe4 24. Rxe4 Qc5+ 25. Kf1 Qxc2 26. Re2 Qc4 27. Kg2 Qxe2+
0-1

[Event "A tournament for new players to the site"]
[Site "SchemingMind.com"]
[Date "2004.12.25"]
[Round "-"]
[White "Windsor Mike"]
[Black "Rigle"]
[Result "0-1"]
[WhiteCountry "CAN"]
[BlackCountry "USA"]
[WhiteElo "1368"]
[WhiteRD "115"]
[BlackElo "1785"]
[BlackRD "128"]
[GameID "6555"]

1. e4 e5 2. Bc4 Nf6 3. Nc3 Nc6 4. f4 exf4 5. Nf3 Bc5 6. d4 Bb4 7. Bd2 Ba5 8. Ng5 O-O 9. Nd5 Nxd5 10. Bxd5 Bxd2+
11. Qxd2 Qxg5 12. O-O-O Ne7 13. g3 Nxd5 14. exd5 Qxd5 15. Qxf4 Qxa2 16. b3 d6 17. Rhe1 Bd7 18. Re7 Rae8 19. Rxe8 Rxe8 20. Rf1 f6
21. h4 Re2
0-1

[Event "A tournament for new players to the site"]
[Site "SchemingMind.com"]
[Date "2004.12.25"]
[Round "-"]
[White "Windsor Mike"]
[Black "Scarian"]
[Result "0-1"]
[WhiteCountry "CAN"]
[BlackCountry "GBR"]
[WhiteElo "1368"]
[WhiteRD "115"]
[BlackElo "1967"]
[BlackRD "129"]
[GameID "6557"]

1. e4 c5 2. Nf3 Nc6 3. d4 cxd4 4. Nxd4 Nf6 5. Nc3 e6 6. Nxc6 bxc6 7. Be3 Rb8 8. Bxa7 Rxb2 9. Rb1 Qa5 10. Bd4 Bb4
0-1

[Event "A tournament for new players to the site"]
[Site "SchemingMind.com"]
[Date "2004.12.25"]
[Round "-"]
[White "Windsor Mike"]
[Black "lame wolf"]
[Result "1-0"]
[WhiteCountry "CAN"]
[BlackCountry "INT"]
[WhiteElo "1627"]
[WhiteRD "184"]
[BlackElo "1108"]
[BlackRD "152"]
[GameID "6558"]

1. e4 c5 2. Nf3 e6 3. d4 cxd4 4. Nxd4 d5 5. e5 g6 6. Nc3 Bh6 7. Bxh6 Nxh6 8. Qd2 O-O 9. Qxh6 Kh8 10. Bd3 Rg8
11. Nf3 Qf8 12. Qg5 Nd7 13. O-O-O a6 14. Rhe1 b5 15. Qf4 f5 16. Ng5 Qg7 17. Nxe6 Qe7 18. Ng5 Nb6 19. e6 b4 20. Nf7+ Kg7
21. Bxf5 bxc3 22. Qh6+ Kf6 23. Qg5+
1-0

[Event "A tournament for new players to the site"]
[Site "SchemingMind.com"]
[Date "2004.12.25"]
[Round "-"]
[White "Windsor Mike"]
[Black "Tyler"]
[Result "0-1"]
[WhiteCountry "CAN"]
[BlackCountry "SUI"]
[WhiteElo "1368"]
[WhiteRD "115"]
[BlackElo "1669"]
[BlackRD "119"]
[GameID "6559"]

1. e4 e6 2. Nf3 d5 3. e5 c5 4. b4 cxb4 5. a3 bxa3 6. Bxa3 Bxa3 7. Nxa3 Ne7 8. Bb5+ Bd7 9. d4 Nbc6 10. c4 a6
11. Bxc6 Bxc6 12. c5 Qa5+ 13. Qd2 Qxd2+ 14. Nxd2 Nf5 15. Nf3 O-O 16. Nc4 dxc4 17. O-O Bxf3 18. gxf3 Nxd4 19. Kg2 Rfc8 20. Rad1 Rxc5
21. Rxd4 b5 22. Rfd1 g6
0-1

[Event "A tournament for new players to the site"]
[Site "SchemingMind.com"]
[Date "2004.12.25"]
[Round "-"]
[White "Windsor Mike"]
[Black "CWM"]
[Result "0-1"]
[WhiteCountry "CAN"]
[BlackCountry "CAN"]
[WhiteElo "1627"]
[WhiteRD "184"]
[BlackElo "1675"]
[BlackRD "154"]
[GameID "6560"]

1. e4 c5 2. Nf3 d6 3. d4 cxd4 4. Nxd4 Nf6 5. Nc3 a6 6. Bc4 e6 7. O-O b5 8. Bd3 Bb7 9. a3 Nbd7 10. b4 Be7
11. Re1 O-O 12. Re3 Qc7 13. Bd2 Qb6 14. Nb3 Rac8 15. Rg3 Ne5 16. Be3 Qc7 17. Qd2 Qxc3 18. Bh6 Ng6 19. Bg5 Qxd2 20. Nxd2 h6
21. Bxf6 Bxf6 22. Rf1 Rc7 23. f4 Bd4+ 24. Kh1 e5 25. f5 Nf4 26. f6 Ng6 27. Rg4 Bc8 28. Rg3 Be6 29. h3 Rfc8 30. Nf3 Bb2
31. Ng5 hxg5 32. fxg7 Kxg7 33. Rxg5 Bd4 34. Rf3 Rc3 35. h4 Rh8 36. h5 Rh6 37. a4 bxa4 38. Bxa6 Rxf3 39. gxf3 a3 40. Rxg6+ fxg6
0-1

[Event "A tournament for new players to the site"]
[Site "SchemingMind.com"]
[Date "2004.12.25"]
[Round "-"]
[White "Windsor Mike"]
[Black "DCS"]
[Result "1-0"]
[WhiteCountry "CAN"]
[BlackCountry "NOR"]
[WhiteElo "1627"]
[WhiteRD "184"]
[BlackElo "1284"]
[BlackRD "196"]
[GameID "6561"]

1. e4 e5 2. Qh5 Nf6 3. Qxe5+ Be7 4. Bc4 d6 5. Qb5+ c6 6. Qg5 h6 7. Qxg7 Rh7 8. Qg3 Nbd7 9. Nc3 Nb6 10. d3 Nxc4
11. dxc4 Bd7 12. e5 dxe5 13. Qxe5 h5 14. Bg5 Rg7 15. O-O-O a6 16. Re1 b5 17. Bxf6 Rg6 18. Bxe7 Qxe7 19. Qxe7#
1-0

[Event "A tournament for new players to the site"]
[Site "SchemingMind.com"]
[Date "2004.12.26"]
[Round "-"]
[White "Gary"]
[Black "Windsor Mike"]
[Result "1-0"]
[WhiteCountry "ENG"]
[BlackCountry "CAN"]
[WhiteElo "1692"]
[WhiteRD "56"]
[BlackElo "1368"]
[BlackRD "115"]
[GameID "6562"]

1. e4 c5 2. Nf3 Nc6 3. d4 cxd4 4. Nxd4 e5 5. Nb3 Nf6 6. Nc3 Bb4 7. Bg5 O-O 8. f3 d5 9. exd5 Qxd5 10. Bxf6 Qxd1+
11. Rxd1 gxf6 12. Bd3 Nd4 13. O-O Ne6 14. Ne4 Kg7 15. a3 Be7 16. Ng3 Nf4 17. Be4 a5 18. Bf5 Rd8 19. Bxc8 Raxc8 20. Nf5+ Kf8
21. Nxe7 Kxe7 22. c3 a4 23. Nc1 Rg8 24. Rd2 Rcd8 25. Rfd1 Rxd2 26. Rxd2 Rd8 27. Rxd8 Kxd8 28. Kf2 h5 29. g3
1-0

[Event "A tournament for new players to the site"]
[Site "SchemingMind.com"]
[Date "2004.12.27"]
[Round "-"]
[White "Rigle"]
[Black "Windsor Mike"]
[Result "1-0"]
[WhiteCountry "USA"]
[BlackCountry "CAN"]
[WhiteElo "1785"]
[WhiteRD "128"]
[BlackElo "1368"]
[BlackRD "115"]
[GameID "6564"]

1. d4 d5 2. Nf3 Bf5 3. e3 Nf6 4. Nc3 Nc6 5. Bb5 Qd6 6. O-O O-O-O 7. a4 Ng4 8. Bd3 e6 9. b3 Nb4 10. Nb5 Qa6
11. Nxc7 Qc6 12. Nb5 Kb8 13. e4 dxe4 14. Bf4+ Ka8 15. Nc7+ Kb8 16. Nxe6+ Rd6 17. Nxf8 exf3 18. Qxf3 Bxd3 19. cxd3 Qxf3 20. gxf3
1-0

[Event "A tournament for new players to the site"]
[Site "SchemingMind.com"]
[Date "2004.12.25"]
[Round "-"]
[White "Scarian"]
[Black "Windsor Mike"]
[Result "1-0"]
[WhiteCountry "GBR"]
[BlackCountry "CAN"]
[WhiteElo "1967"]
[WhiteRD "129"]
[BlackElo "1368"]
[BlackRD "115"]
[GameID "6566"]

1. d4 d5 2. c4 c5 3. cxd5 Nf6 4. dxc5 Qxd5 5. Qxd5 Nxd5 6. e4 Nb4 7. Na3 Be6 8. Bd2 Nd3+ 9. Bxd3 a6 10. Bc4 Bxc4
11. Nxc4 e6 12. Nd6+ Bxd6 13. cxd6 O-O 14. Ba5 Nc6 15. Bb6 Ne5 16. Rd1
1-0

[Event "A tournament for new players to the site"]
[Site "SchemingMind.com"]
[Date "2004.12.25"]
[Round "-"]
[White "lame wolf"]
[Black "Windsor Mike"]
[Result "0-1"]
[WhiteCountry "INT"]
[BlackCountry "CAN"]
[WhiteElo "1108"]
[WhiteRD "152"]
[BlackElo "1627"]
[BlackRD "184"]
[GameID "6567"]

1. d4 d5 2. c4 c5 3. dxc5 d4 4. e3 e5 5. Nf3 f6 6. exd4 exd4 7. Qxd4 Qxd4 8. Nxd4 Bxc5 9. Be3 Ne7 10. Bd3 Nbc6
11. O-O Bxd4 12. Nc3 Ne5 13. Bxd4 Nxd3 14. b3 O-O 15. Rad1 Bf5 16. Bc5 Nxc5 17. Nd5 Bd3 18. Rfe1 Nxd5 19. cxd5 Rae8 20. b4 Bc2
21. Rc1 Nd3 22. Rxe8 Rxe8 23. Rxc2 Re1#
0-1

[Event "A tournament for new players to the site"]
[Site "SchemingMind.com"]
[Date "2004.12.26"]
[Round "-"]
[White "Tyler"]
[Black "Windsor Mike"]
[Result "1-0"]
[WhiteCountry "SUI"]
[BlackCountry "CAN"]
[WhiteElo "1669"]
[WhiteRD "119"]
[BlackElo "1368"]
[BlackRD "115"]
[GameID "6568"]

1. c4 e5 2. Nc3 b6 3. d3 d5 4. Nxd5 Bb7 5. Nc3 Nc6 6. Nf3 Bc5 7. e4 Nd4 8. Be2 Nf6 9. Nxe5 Qd6 10. Nf3 h6
11. h3 Nh5 12. Nxd4 Qxd4 13. Be3 Qe5 14. Bxh5 g6 15. Be2 O-O-O 16. f4 Qe7 17. Qd2 f5 18. Bxc5 Qxc5 19. Bf3 Rd4 20. Qe3 Qxc4
21. dxc4
1-0

[Event "A tournament for new players to the site"]
[Site "SchemingMind.com"]
[Date "2004.12.25"]
[Round "-"]
[White "CWM"]
[Black "Windsor Mike"]
[Result "1-0"]
[WhiteCountry "CAN"]
[BlackCountry "CAN"]
[WhiteElo "1675"]
[WhiteRD "154"]
[BlackElo "1627"]
[BlackRD "184"]
[GameID "6569"]

1. e4 c5 2. Nf3 Nf6 3. Nc3 Nc6 4. d4 d5 5. exd5 Nxd5 6. Nxd5 Qxd5 7. Be3 e6 8. dxc5 Qe4 9. Bd3 Qb4+ 10. Qd2 Qxb2
11. O-O Qb4 12. c3 Qa5 13. Rfd1 Bxc5 14. Be4 Bd7 15. Qxd7+ Kf8 16. Bxc6 Re8 17. Qxe8#
1-0

[Event "A tournament for new players to the site"]
[Site "SchemingMind.com"]
[Date "2004.12.25"]
[Round "-"]
[White "DCS"]
[Black "Windsor Mike"]
[Result "0-1"]
[WhiteCountry "NOR"]
[BlackCountry "CAN"]
[WhiteElo "1284"]
[WhiteRD "196"]
[BlackElo "1627"]
[BlackRD "184"]
[GameID "6570"]

1. e4 c5 2. Nf3 e6 3. d4 cxd4 4. Nxd4 a6 5. Nc3 Qc7 6. Bd3 Nc6 7. Nxc6 bxc6 8. O-O Nf6 9. Be3 Be7 10. h3 Qe5
11. Qe1 a5 12. a4 Bb4 13. Bd2 O-O 14. Rb1 Nh5 15. Qe2 Bd6 16. Qf3 Qh2#
0-1